Managing brand equity : capitalizing on the value of a brand name
Αποθηκεύτηκε σε:
| Κύριος συγγραφέας: | |
|---|---|
| Μορφή: | Βιβλίο |
| Γλώσσα: | English |
| Δημοσίευση: |
New York :
Free Press,
c1991.
|
| Θέματα: | |
| Ετικέτες: |
Προσθήκη ετικέτας
Δεν υπάρχουν, Καταχωρήστε ετικέτα πρώτοι!
|
MARC
| LEADER | 00000cam a2200000 i 4500 | ||
|---|---|---|---|
| 001 | 1/32586 | ||
| 008 | 950731s1991 nyu| ||| |||| ||eng|| | ||
| 020 | |a 0029001013 | ||
| 035 | |l 10023783 | ||
| 040 | |a GR-MyUa |b gre |e AACR2 | ||
| 041 | 0 | |a eng | |
| 082 | 7 | |a 658.827 |2 (20) | |
| 100 | 1 | |a Aaker, David A. | |
| 245 | 1 | 0 | |a Managing brand equity : |b capitalizing on the value of a brand name / |c David A. Aaker. |
| 260 | |a New York : |b Free Press, |c c1991. | ||
| 300 | |a xiii, 299 σ. : |b εικ. ; |c 24 εκ. | ||
| 504 | |a Βιβλιογραφία: σ. 277-287. Ευρετήριο. | ||
| 650 | 0 | |a Brand name products |x Valuation |z United States |x Management. | |
| 650 | 0 | |a Intangible property |x Valuation |z United States |x Management. | |
| 852 | |a INST |b CHIOS |e 19950731 |h 658.827 AAK |p 005200004383 |q 005200004383 |t BK |y 0 | ||
| 852 | |a INST |b SYROS |e 20080304 |h 658.827 AAK |p 005500006453 |q 005500006453 |t BK |y 0 | ||
| 901 | |a BIBL5-2008-1 | ||
| 922 | |a 5ΕΛΗ |b 200801 |c ΕΠΕΑΕΚ2/ΤΜΣΠΣ |d Ελευθερουδάκης | ||
| 970 | |a Κοντού |b Παρασκευή |z 04/03/2008 | ||